[Event "DSOL 03 Liga Gr-D 1st"]
[Site "Playchess.com INT"]
[Date "2020.08.14"]
[Round "2.1"]
[White "Halt, David"]
[Black "Ottmann, Martin"]
[Result "1-0"]
[WhiteElo "2088"]
[BlackElo "2024"]
[PlyCount "81"]
[EventDate "2020.06.22"]
[EventType "team-tourn (rapid)"]
[EventCountry "GER"]
[SourceTitle "EXT 2021"]
[Source "ChessBase"]
[SourceDate "2020.10.23"]
[SourceVersion "1"]
[SourceVersionDate "2020.10.23"]
[SourceQuality "1"]
[WhiteTeam "Vellmar"]
[BlackTeam "Bad Homburg"]
[WhiteTeamCountry "GER"]
[BlackTeamCountry "GER"]

1. e4 e5 2. Nf3 Nf6 3. Nxe5 d6 4. Nf3 Nxe4 5. Nc3 Nxc3 6. dxc3 Be7 7. Bf4 Nc6 8. Bd3 Be6 9. h3 Qd7 10. Qd2 Bf6 11. Bg5 Qe7 12. 0-0-0 h6 13. Be3 a6 14. Rde1 0-0-0 15. Kb1 Kb8 16. Nd4 Nxd4 17. cxd4 d5 18. c3 Rde8 19. Bf4 Bg5 20. Bxg5 Qxg5 21. f4 Qd8 22. f5 Bc8 23. Qf4 Rxe1+ 24. Rxe1 Re8 25. Rxe8 Qxe8 26. Qe5 Qxe5 27. dxe5 c5 28. Kc1 Kc7 29. Kd2 Kc6 30. Ke3 b5 31. Bc2 a5 32. g4 Bd7 33. h4 b4 34. Ba4+ Kc7 35. Bb3 bxc3 36. bxc3 Bc6 37. f6 gxf6 38. exf6 Kd6 39. Kf4 Ke6 40. g5 h5 41. Bd1 1-0

[Event "Hessenliga 1415"]
[Site "Hessen"]
[Date "2014.10.12"]
[Round "2.3"]
[White "Sroka, Dirk"]
[Black "Ottmann, Martin"]
[Result "1-0"]
[WhiteElo "2090"]
[BlackElo "2142"]
[PlyCount "57"]
[EventDate "2014.09.28"]
[EventType "team-tourn"]
[EventRounds "9"]
[EventCountry "GER"]
[SourceTitle "EXT 2016"]
[Source "ChessBase"]
[SourceDate "2015.10.08"]
[SourceVersion "1"]
[SourceVersionDate "2015.10.08"]
[SourceQuality "1"]
[WhiteTeam "Gelnhausen"]
[BlackTeam "Frankfurt TV"]
[WhiteTeamCountry "GER"]
[BlackTeamCountry "GER"]

1. c4 c6 2. g3 d5 3. Nf3 Bf5 4. cxd5 Bxb1 5. Rxb1 cxd5 6. Qb3 b6 7. e4 a6 8. e5 e6 9. d4 Nc6 10. Bg5 Bb4+ 11. Qxb4 Nxb4 12. Bxd8 Kxd8 13. a3 Nc6 14. Kd2 Kd7 15. Bd3 h6 16. Ke3 Nge7 17. Nd2 Rhc8 18. Rbc1 Na5 19. f4 b5 20. b3 Rxc1 21. Rxc1 Rc8 22. Rxc8 Nxc8 23. f5 Nc6 24. Nf3 b4 25. a4 a5 26. g4 N8e7 27. f6 gxf6 28. exf6 Nc8 29. Bb5 1-0

[Event "Regionalliga SO 0506"]
[Site "Bayern"]
[Date "2006.03.12"]
[Round "8.4"]
[White "Schneider, Richard1111"]
[Black "Ottmann, Martin"]
[Result "1-0"]
[WhiteElo "2146"]
[BlackElo "2078"]
[PlyCount "37"]
[EventDate "2005.10.23"]
[EventType "team-tourn"]
[EventRounds "9"]
[EventCountry "GER"]
[SourceTitle "EXT 2007"]
[Source "ChessBase"]
[SourceDate "2006.11.23"]
[SourceVersion "1"]
[SourceVersionDate "2006.11.23"]
[SourceQuality "1"]
[WhiteTeam "Graefelfing SK"]
[BlackTeam "Freising SK"]
[WhiteTeamCountry "GER"]
[BlackTeamCountry "GER"]

1. Nf3 Nf6 2. c4 c6 3. Nc3 d5 4. d4 e6 5. e3 Nbd7 6. Bd3 a6 7. a4 Bd6 8. e4 dxe4 9. Nxe4 Nxe4 10. Bxe4 Nf6 11. Bc2 b5 12. c5 Bc7 13. 0-0 h6 14. Re1 b4 15. a5 Bxa5 16. Ba4 Bd7 17. Ne5 0-0 18. Bxc6 Rc8 19. Bxd7 1-0

[Event "GER-ch 3rd Internet Blitz Cand"]
[Site "Playchess.com INT"]
[Date "2005.04.02"]
[Round "10"]
[White "Heimann, Andreas"]
[Black "Ottmann, Martin"]
[Result "0-1"]
[WhiteElo "2095"]
[BlackElo "2142"]
[PlyCount "128"]
[EventDate "2005.04.02"]
[EventType "swiss (blitz)"]
[EventRounds "15"]
[EventCountry "GER"]
[SourceTitle "CBM 105 Extra"]
[Source "ChessBase"]
[SourceDate "2005.05.01"]
[SourceVersion "1"]
[SourceVersionDate "2005.05.01"]
[SourceQuality "1"]

1. e4 e5 2. Nf3 Nf6 3. Nxe5 d6 4. Nxf7 Kxf7 5. Nc3 Be6 6. d4 Be7 7. Bd3 Rf8 8. 0-0 Kg8 9. f4 c5 10. d5 Bf7 11. g4 Nbd7 12. g5 Bh5 13. Qe1 Ne8 14. Qh4 g6 15. Be3 a6 16. a4 Qc7 17. Bc4 Nb6 18. Ba2 Qd7 19. a5 Nc8 20. f5 Bd8 21. Bc4 b5 22. axb6 Nxb6 23. Bxa6 Nc7 24. fxg6 Bxg6 25. Rxf8+ Kxf8 26. Rf1+ Kg8 27. Be2 Qg7 28. Qg3 Be7 29. h4 Rf8 30. Rxf8+ Qxf8 31. h5 Be8 32. Bf4 Nd7 33. Bg4 Nb6 34. Bf5 Nc4 35. b3 Na3 36. Qg2 Bxh5 37. g6 hxg6 38. Bxg6 Bxg6 39. Qxg6+ Qg7 40. Qxg7+ Kxg7 41. e5 Ne8 42. exd6 Nxd6 43. Bxd6 Bxd6 44. Ne4 Bb8 45. d6 Nxc2 46. Nxc5 Bxd6 47. Ne4 Be5 48. Nd2 Kf6 49. Nc4 Bc7 50. Kf2 Ke6 51. Ke2 Kd5 52. Kd3 Nb4+ 53. Kc3 Na6 54. b4 Bd8 55. b5 Nc5 56. b6 Nd7 57. b7 Bc7 58. Na5 Bxa5+ 59. Kb3 Kc6 60. Ka4 Bc7 61. b8Q Bxb8 62. Kb3 Be5 63. Kc4 Kd6 64. Kd3 Kd5 0-1

[Event "GER-ch 3rd Internet Blitz Cand"]
[Site "Playchess.com INT"]
[Date "2005.04.02"]
[Round "11"]
[White "Ottmann, Martin"]
[Black "Schoeneberg, Manfred"]
[Result "0-1"]
[WhiteElo "2142"]
[BlackElo "2326"]
[PlyCount "34"]
[EventDate "2005.04.02"]
[EventType "swiss (blitz)"]
[EventRounds "15"]
[EventCountry "GER"]
[SourceTitle "CBM 105 Extra"]
[Source "ChessBase"]
[SourceDate "2005.05.01"]
[SourceVersion "1"]
[SourceVersionDate "2005.05.01"]
[SourceQuality "1"]

1. d4 Nf6 2. Nf3 d6 3. Bg5 c6 4. Nbd2 Nbd7 5. e4 e5 6. dxe5 dxe5 7. Bd3 Be7 8. 0-0 h6 9. Bh4 0-0 10. c3 Nh5 11. Bxe7 Qxe7 12. g3 Nc5 13. Bc2 Bh3 14. Re1 Rad8 15. b4 Ne6 16. Qe2 Bg4 17. Red1 Ng5 0-1

[Event "GER-ch 3rd Internet Blitz Cand"]
[Site "Playchess.com INT"]
[Date "2005.04.02"]
[Round "13"]
[White "Zwahr, Paul"]
[Black "Ottmann, Martin"]
[Result "1-0"]
[WhiteElo "2104"]
[BlackElo "2142"]
[PlyCount "75"]
[EventDate "2005.04.02"]
[EventType "swiss (blitz)"]
[EventRounds "15"]
[EventCountry "GER"]
[SourceTitle "CBM 105 Extra"]
[Source "ChessBase"]
[SourceDate "2005.05.01"]
[SourceVersion "1"]
[SourceVersionDate "2005.05.01"]
[SourceQuality "1"]

1. e4 e5 2. Nf3 Nf6 3. Nxe5 d6 4. Nf3 Nxe4 5. d4 d5 6. Bd3 Be7 7. 0-0 Nc6 8. c4 Bg4 9. Nc3 Nf6 10. Be3 0-0 11. h3 Bh5 12. g4 Bg6 13. Bxg6 hxg6 14. c5 Nh7 15. Rb1 b6 16. b4 Ng5 17. b5 Na5 18. Kg2 Nc4 19. c6 Nxf3 20. Qxf3 Bg5 21. Bxg5 Qxg5 22. Qxd5 Qxd5+ 23. Nxd5 Nd2 24. Nxc7 Rad8 25. d5 Nxf1 26. Kxf1 f5 27. Ne6 Rxd5 28. Nxf8 Kxf8 29. Rc1 Rd8 30. f4 Ke7 31. Kf2 Rd2+ 32. Ke3 Rd8 33. c7 Rc8 34. Rc6 Kd7 35. Rxg6 Kxc7 36. Rc6+ Kd7 37. Rxc8 Kxc8 38. Kd4 1-0

[Event "Landesliga Sued 0405"]
[Site "Bayern"]
[Date "2004.11.14"]
[Round "2.4"]
[White "Fauth, Dietmar"]
[Black "Ottmann, Martin"]
[Result "0-1"]
[WhiteElo "2142"]
[BlackElo "2082"]
[PlyCount "94"]
[EventDate "2004.10.24"]
[EventType "team-tourn"]
[EventRounds "9"]
[EventCountry "GER"]
[SourceTitle "EXT 2007"]
[Source "ChessBase"]
[SourceDate "2006.11.23"]
[SourceVersion "1"]
[SourceVersionDate "2006.11.23"]
[SourceQuality "1"]
[WhiteTeam "Muenchen Siemens"]
[BlackTeam "Freising"]
[WhiteTeamCountry "GER"]
[BlackTeamCountry "GER"]

1. e4 e5 2. Nf3 Nc6 3. Bb5 a6 4. Ba4 d6 5. 0-0 Nf6 6. Re1 Be7 7. c3 b5 8. Bb3 Bg4 9. h3 Bh5 10. d3 0-0 11. Nbd2 Na5 12. Bc2 c5 13. Nf1 Nc6 14. Ng3 Bg6 15. a4 b4 16. Bb3 Qd7 17. d4 Rfd8 18. Bg5 h6 19. Bc1 Nh5 20. Bd5 Nxg3 21. fxg3 bxc3 22. bxc3 cxd4 23. cxd4 Rab8 24. dxe5 dxe5 25. Be3 Bf6 26. Bc5 Nb4 27. Bxb4 Rxb4 28. a5 Bxe4 29. Bxe4 Qa7+ 30. Kh2 Rxd1 31. Raxd1 g6 32. Bd5 Qc7 33. Rf1 Kg7 34. Nd2 Rd4 35. Rc1 Qxc1 36. Rxc1 Rxd5 37. Ne4 Rxa5 38. Rc6 Be7 39. Rc7 Bf8 40. g4 Ra4 41. Nc3 Rd4 42. Ra7 Bb4 43. Ne2 Rd2 44. Ng3 a5 45. h4 Rd4 46. h5 Rxg4 47. hxg6 Rh4+ 0-1

[Event "Canarias en Red prel 5th"]
[Site "Playchess.com INT"]
[Date "2004.05.07"]
[Round "2"]
[White "Ottmann, Martin"]
[Black "Zumsande, Martin"]
[Result "1/2-1/2"]
[WhiteElo "2142"]
[BlackElo "2389"]
[PlyCount "171"]
[EventDate "2004.05.07"]
[EventType "swiss (blitz)"]
[EventRounds "13"]
[EventCountry "GER"]
[SourceTitle "EXT 2005"]
[Source "ChessBase"]
[SourceDate "2004.11.15"]
[SourceVersion "1"]
[SourceVersionDate "2004.11.15"]
[SourceQuality "1"]

1. d4 e6 2. e4 d5 3. Nc3 Nf6 4. Bg5 Bb4 5. exd5 Qxd5 6. Nf3 Ne4 7. Bd2 Bxc3 8. Bxc3 b6 9. Bd3 Bb7 10. 0-0 Nxc3 11. bxc3 Nd7 12. Qe2 0-0 13. Rfe1 Qh5 14. Be4 c6 15. Nd2 Qxe2 16. Rxe2 Rab8 17. Bf3 Rfd8 18. Nb3 Kf8 19. Rd1 c5 20. Bxb7 Rxb7 21. Red2 c4 22. Nc1 Nf6 23. Ne2 Nd5 24. Rb1 b5 25. Rdd1 Rdb8 26. a3 a5 27. Kf1 Ke7 28. Ke1 b4 29. axb4 axb4 30. cxb4 Rxb4 31. Rxb4 Rxb4 32. c3 Rb2 33. Rd2 Rb1+ 34. Rd1 Rb3 35. Rc1 g5 36. Kd2 Kf6 37. Ng3 Kg6 38. Ne4 Nf4 39. Nd6 Nd3 40. Rc2 Nxf2 41. Nxc4 Ne4+ 42. Kd3 f5 43. Ne5+ Kf6 44. Kc4 Ra3 45. Kb4 Ra6 46. c4 Ke7 47. c5 g4 48. Kb5 Ra8 49. c6 Rc8 50. Kb6 f4 51. Kb7 Nd6+ 52. Kb6 h5 53. Ng6+ Kf6 54. Nxf4 e5 55. dxe5+ Kxe5 56. Nxh5 Rh8 57. Re2+ Kd5 58. Nf4+ Kc4 59. Rd2 Nc8+ 60. Kc7 Na7 61. Kb6 Nc8+ 62. Kc7 Na7 63. Kb7 Nb5 64. c7 Rh7 65. Ne6 Kc3 66. Rd1 Nxc7 67. Nxc7 Rxh2 68. Rg1 Kd3 69. Ne6 g3 70. Ng5 Ke3 71. Nf3 Kf2 72. Nxh2 Kxg1 73. Nf3+ Kxg2 74. Nh4+ Kh3 75. Ng6 Kg4 76. Ne5+ Kf4 77. Nd3+ Ke3 78. Ne1 Kf2 79. Nd3+ Kf1 80. Nf4 Kf2 81. Kc6 Kf3 82. Nd3 Ke3 83. Ne1 Ke2 84. Ng2 Kf2 85. Nh4 g2 86. Nxg2 1/2-1/2

[Event "Canarias en Red prel 5th"]
[Site "Playchess.com INT"]
[Date "2004.05.07"]
[Round "9"]
[White "Seifert, Werner"]
[Black "Ottmann, Martin"]
[Result "0-1"]
[WhiteElo "2037"]
[BlackElo "2142"]
[PlyCount "130"]
[EventDate "2004.05.07"]
[EventType "swiss (blitz)"]
[EventRounds "13"]
[EventCountry "GER"]
[SourceTitle "EXT 2005"]
[Source "ChessBase"]
[SourceDate "2004.11.15"]
[SourceVersion "1"]
[SourceVersionDate "2004.11.15"]
[SourceQuality "1"]

1. e4 e5 2. Nf3 Nf6 3. Nxe5 d6 4. Nf3 Nxe4 5. d4 d5 6. Bd3 Be7 7. 0-0 Nc6 8. Re1 Bg4 9. c4 Nf6 10. cxd5 Nxd5 11. Nc3 0-0 12. Be4 Nxc3 13. bxc3 Bf6 14. h3 Bh5 15. Qc2 Bg6 16. Ba3 Re8 17. Bxg6 hxg6 18. Rab1 b6 19. Qd3 Qd7 20. Qb5 Rxe1+ 21. Rxe1 Rd8 22. Bc1 Qd5 23. Qb3 Qxb3 24. axb3 Na5 25. Nd2 Bg5 26. b4 Bxd2 27. Bxd2 Nc4 28. Bf4 Rd7 29. Re8+ Kh7 30. Rc8 Nd6 31. Ra8 Nb5 32. Bd2 g5 33. Kf1 Kg6 34. g4 f6 35. Re8 Kf7 36. Re1 Re7 37. Rxe7+ Kxe7 38. Ke2 Ke6 39. Kd3 a5 40. Kc4 Nd6+ 41. Kb3 axb4 42. Kxb4 Ne4 43. Be1 Kd5 44. Kb5 Nd6+ 45. Kb4 c5+ 46. dxc5 bxc5+ 47. Kb3 Ke4 48. Bd2 Kd3 49. Be3 c4+ 50. Kb4 Ne4 51. Bd4 Nd2 52. Kc5 Nf3 53. Kd6 Nxd4 54. cxd4 c3 55. d5 c2 56. Ke7 c1Q 57. d6 Qc5 58. Ke6 Qc6 59. Ke7 Qe4+ 60. Kf7 Qd5+ 61. Ke7 Qe5+ 62. Kd7 Kc4 63. Kc6 Qd5+ 64. Kc7 Qc5+ 65. Kd7 Kd5 0-1

[Event "Canarias en Red prel 5th"]
[Site "Playchess.com INT"]
[Date "2004.05.07"]
[Round "6"]
[White "Trent, Lawrence"]
[Black "Ottmann, Martin"]
[Result "0-1"]
[WhiteElo "2377"]
[BlackElo "2142"]
[PlyCount "120"]
[EventDate "2004.05.07"]
[EventType "swiss (blitz)"]
[EventRounds "13"]
[EventCountry "GER"]
[SourceTitle "EXT 2005"]
[Source "ChessBase"]
[SourceDate "2004.11.15"]
[SourceVersion "1"]
[SourceVersionDate "2004.11.15"]
[SourceQuality "1"]

1. e4 e5 2. Nf3 Nf6 3. Nxe5 d6 4. Nf3 Nxe4 5. Nc3 Nxc3 6. dxc3 Nc6 7. Bd3 Be7 8. Bf4 Bg4 9. h3 Bh5 10. g4 Bg6 11. Qd2 Qd7 12. 0-0-0 0-0-0 13. Bb5 a6 14. Ba4 Bf6 15. Nd4 Bxd4 16. cxd4 d5 17. Qc3 Kb8 18. Rhe1 Rde8 19. Bxc6 Qxc6 20. Qxc6 bxc6 21. f3 Kc8 22. b3 Kd7 23. Kd2 Rxe1 24. Rxe1 h5 25. g5 Bf5 26. h4 g6 27. c4 Be6 28. Kc3 Rb8 29. Re2 Rb7 30. Be5 Rb8 31. Rc2 Rb7 32. c5 Rb5 33. Kb2 Rb4 34. Ka3 Rb5 35. Bf4 Bf5 36. Rc3 Ra5+ 37. Kb2 Rb5 38. a4 Rb4 39. Ka3 Rxd4 40. Be5 Rxh4 41. f4 Rh3 42. Rc1 Rf3 43. Kb4 h4 44. Ka5 Rxb3 45. Kxa6 h3 46. Rh1 Ra3 47. a5 Ra2 48. Kb7 Rxa5 49. Bxc7 Rb5+ 50. Bb6 Rb2 51. Ra1 h2 52. Kb8 Be4 53. Ra7+ Ke6 54. Kc7 h1Q 55. Ra8 Qh2 56. Re8+ Kf5 57. Kd7 Qxf4 58. Bc7 Rb7 59. Re6 Qxc7+ 60. Ke8 Qc8# 0-1

[Event "Regionalliga SO 0304"]
[Site "Bayern"]
[Date "2004.01.18"]
[Round "5.4"]
[White "Hofmann, Juergen2222"]
[Black "Ottmann, Martin"]
[Result "0-1"]
[WhiteElo "2184"]
[BlackElo "2083"]
[PlyCount "68"]
[EventDate "2003.10.??"]
[EventType "team"]
[EventRounds "9"]
[EventCountry "GER"]
[SourceTitle "EXT 2006"]
[Source "ChessBase"]
[SourceDate "2005.11.24"]
[SourceVersion "1"]
[SourceVersionDate "2005.11.24"]
[SourceQuality "1"]
[WhiteTeam "Graefelfing"]
[BlackTeam "Freising"]
[WhiteTeamCountry "GER"]
[BlackTeamCountry "GER"]

1. e4 e5 2. Nf3 Nf6 3. Nc3 Nc6 4. Bb5 d6 5. d4 Bd7 6. Qd3 exd4 7. Nxd4 Be7 8. 0-0 0-0 9. Bg5 h6 10. Bf4 Ng4 11. Bxc6 bxc6 12. h3 Ne5 13. Bxe5 dxe5 14. Nb3 Bd6 15. Na5 Rb8 16. Rab1 Kh8 17. Nc4 Be6 18. Kh1 Qh4 19. Kg1 Qg5 20. Nxd6 cxd6 21. Kh1 Rfd8 22. Qa6 Qh4 23. Kg1 f5 24. Qxc6 f4 25. f3 Bxh3 26. gxh3 Qg3+ 27. Kh1 Qxh3+ 28. Kg1 Qg3+ 29. Kh1 Rdc8 30. Qa4 Rxc3 31. bxc3 Rxb1 32. Rxb1 Qxf3+ 33. Kg1 Qg3+ 34. Kf1 f3 0-1

[Event "Landesliga Sued 0102"]
[Site "Bayern"]
[Date "2002.04.14"]
[Round "8.6"]
[White "Ottmann, Martin"]
[Black "Scheckenbach, Franz"]
[Result "0-1"]
[WhiteElo "2035"]
[BlackElo "2075"]
[PlyCount "108"]
[EventDate "2001.10.07"]
[EventType "team-tourn"]
[EventRounds "9"]
[EventCountry "GER"]
[SourceTitle "EXT 2003"]
[Source "ChessBase"]
[SourceDate "2002.11.25"]
[SourceVersion "1"]
[SourceVersionDate "2002.11.25"]
[SourceQuality "1"]
[WhiteTeam "Fuerstenfeldbruck"]
[BlackTeam "Groebenzell"]
[WhiteTeamCountry "GER"]
[BlackTeamCountry "GER"]

1. d4 Nf6 2. Nf3 g6 3. Bg5 Bg7 4. Nbd2 d5 5. e3 Nbd7 6. Bd3 0-0 7. 0-0 c6 8. e4 dxe4 9. Nxe4 Nxe4 10. Bxe4 Nf6 11. Bd3 Bg4 12. Be3 Nd5 13. h3 Bxf3 14. Qxf3 Nxe3 15. fxe3 c5 16. d5 Qd6 17. c4 e6 18. Rad1 exd5 19. cxd5 Rae8 20. Qf4 Be5 21. Qc4 b6 22. b3 Bh2+ 23. Kh1 Rxe3 24. Qg4 Bg3 25. Bb5 f5 26. Qg5 f4 27. Rd3 Rxd3 28. Bxd3 Re8 29. Qg4 Kg7 30. Bc4 Re3 31. a4 Qe7 32. Qd1 Qd6 33. a5 h5 34. axb6 axb6 35. Qa1+ Kh6 36. Qd1 Qd7 37. d6 Re4 38. Qd5 Rd4 39. Qg8 Qxd6 40. Qh8+ Kg5 41. Be2 Rd2 42. Bf3 Qd4 43. Qe8 Ra2 44. Rd1 Qf6 45. Rd5+ Kh6 46. Bxh5 f3 47. Qe3+ Bf4 48. Qxf3 Ra1+ 49. Rd1 gxh5 50. g4 Rxd1+ 51. Qxd1 hxg4 52. hxg4 Qh4+ 53. Kg2 Qg3+ 54. Kf1 Qh3+ 0-1

[Event "Landesliga Sued 0102"]
[Site "Bayern"]
[Date "2002.01.20"]
[Round "4.6"]
[White "Ottmann, Martin"]
[Black "Ruether, Rudolf"]
[Result "0-1"]
[WhiteElo "2035"]
[BlackElo "2150"]
[PlyCount "86"]
[EventDate "2001.10.07"]
[EventType "team-tourn"]
[EventRounds "9"]
[EventCountry "GER"]
[SourceTitle "EXT 2003"]
[Source "ChessBase"]
[SourceDate "2002.11.25"]
[SourceVersion "1"]
[SourceVersionDate "2002.11.25"]
[SourceQuality "1"]
[WhiteTeam "Fuerstenfeldbruck"]
[BlackTeam "Muenchen Siemens"]
[WhiteTeamCountry "GER"]
[BlackTeamCountry "GER"]

1. d4 Nf6 2. Nf3 g6 3. Bg5 Bg7 4. Nbd2 0-0 5. e4 d6 6. Bc4 c6 7. Qe2 a5 8. c3 Qc7 9. 0-0 e5 10. a4 Nbd7 11. Rfd1 Re8 12. dxe5 dxe5 13. Be3 Nf8 14. Bc5 Be6 15. Ng5 N6d7 16. Nb3 Nxc5 17. Nxc5 Bxc4 18. Qxc4 Rad8 19. b4 axb4 20. Rdb1 Qe7 21. Nf3 b6 22. Na6 bxc3 23. Rxb6 Ne6 24. Rxc6 Nd4 25. Rc7 Qf6 26. Ne1 Bh6 27. Nb4 Bd2 28. Nd5 Qg7 29. Nf3 Nxf3+ 30. gxf3 Rf8 31. Nxc3 Qf6 32. Qe2 Qg5+ 33. Kh1 Qh4 34. Qf1 Bf4 35. Qg2 Rd2 36. Kg1 Be3 37. fxe3 Rxg2+ 38. Kxg2 Rb8 39. Ra2 Qd8 40. Nd5 Qg5+ 41. Kf2 Rb1 42. Rcc2 Qg1+ 43. Ke2 Rd1 0-1